Dans quelle oeuvre de fiction retrouve-ton ce drapeau ? - Statistiques

Statistiques générales
  • Ce quiz a été pris 31 fois
  • Le résultat moyen est 11 sur 46
Statistiques - réponses
Par images Réponse % Correct
Harry Potter
83%
One Piece
79%
Game of Thrones
76%
Transformers
76%
Les Sims
72%
The Legend of Zelda
55%
Skyrim
52%
Star Wars
52%
Hunger Games
45%
L'Attaque des Titans
41%
Fairy Tail
38%
Le Seigneur des Anneaux
38%
Half Life
34%
Assassin's Creed
28%
Dragon Ball
28%
Resident Evil
28%
Tintin
28%
Percy Jackson
21%
Raiponce
21%
Star Trek
21%
Far Cry
17%
Kaamelott
17%
Marvel
17%
Narnia
17%
1984
14%
Call of Duty
14%
Fallout
14%
The Witcher
14%
Avatar, le dernier maître de l'air
10%
Berserk
10%
Final Fantasy
10%
Les Simpson
10%
World of Warcraft
10%
Dune
7%
Full Metal Alchemist
7%
Code Geass
3%
Dark Souls
3%
Doom
3%
Futurama
3%
La Reine des Neiges
3%
Metal Gear
3%
Picsou
3%
Bioshock
0%
Once upon a time
0%
Seven Deadly Sins
0%
Spy X Family
0%
Aucun quiz correspondant
Distribution des résultats
% des personnes avec chaque résultat
Percentile par nombre de réponses
Votre historique - résultats
Vous n’avez pas pris ce quiz